Wizkid Charting Songs (Billboard Hot 100) - Statistics

General Stats
  • This quiz has been taken 53 times
    10 since last reset
  • The average score is 3 of 5
Answer Stats
Album Weeks On Peak Artist(s) Song % Correct
Views 36 Weeks #1 (10 Weeks) Drake ft. Kyla & Wizkid One Dance
100%
Made in Lagos 35 Weeks #9 Wizkid, Tems & Justin Bieber Essence
63%
The Lion King: The Gift 1 Week #76 Beyonce, SAINt JHN & Wizkid ft. Blue Ivy Carter Brown Skin Girl
50%
Breezy 1 Week #76 Chris Brown ft. Wizkid Call Me Every Day
38%
The Last Wun 2 Weeks #68 Gunna ft. Wizkid forever be mine
25%
No matching quizzes found
Score Distribution
Percent of People with Each Score
Percentile by Number Answered
Your Score History
You have not taken this quiz since the last reset